Biblioteca y Centro de Documentación

Efficiency wages, staggered wages, and union wage-setting (Registro nro. 45434)

Detalles MARC
000 -CABECERA
Longitud fija campo de control 00848naa a2200229 4500
001 - NÚMERO DE CONTROL
Número de control 45434
003 - IDENTIFICADOR DE NÚMERO DE CONTROL
Identificador del número de control ES-MaCES
005 - FECHA Y HORA DE LA ÚLTIMA TRANSACCIÓN
Fecha y hora de la última transacción 20141118105700.0
008 - CAMPO FIJO DE DESCRIPCIÓN FIJA--INFORMACIÓN GENERAL
Códigos de información de longitud fija   000000s2014 xxk||||| t||||||| ||eng d
040 ## - FUENTE DE CATALOGACIÓN
Centro catalogador de origen ES-MaCES
Lengua de catalogación spa
Centro transcriptor ES-MaCES
100 1# - ENCABEZAMIENTO PRINCIPAL--NOMBRE PERSONAL
9 (RLIN) 35367
Nombre de persona Knell, Markus
245 10 - MENCIÓN DE TÍTULO
Título Efficiency wages, staggered wages, and union wage-setting
Mención de responsabilidad, etc. By Markus Knell
500 ## - NOTA GENERAL
Nota general Resumen
504 ## - NOTA DE BIBLIOGRAFÍA, ETC.
Nota de bibliografía, etc. Bibliografía:p. 869-870
650 #4 - ASIENTO SECUNDARIO DE MATERIA--TÉRMINO DE MATERIA
9 (RLIN) 28387
Término de materia o nombre geográfico como elemento inicial salario
650 #4 - ASIENTO SECUNDARIO DE MATERIA--TÉRMINO DE MATERIA
9 (RLIN) 28388
Término de materia o nombre geográfico como elemento inicial determinación del salario
650 #4 - ASIENTO SECUNDARIO DE MATERIA--TÉRMINO DE MATERIA
9 (RLIN) 29432
Término de materia o nombre geográfico como elemento inicial modelo matemático
653 10 - TÉRMINO DE INDEXACIÓN--NO CONTROLADO
Término no controlado Relaciones laborales-Empleo
773 0# - ENTRADA DE DOCUMENTO FUENTE
Itemnumber del ítem fuente 81856
Lugar, editor y fecha de publicación Oxford (Walton Street, OX2 6DP) Oxford University Press
Otro identificador del documento 084761
Título Oxford economic papers
Número de control del registro relacionado (ES-MaCES)25202
Parte(s) relacionada(s) vol. 66, no. 3 (July 2014) {10186 R. 084761} ;p. 848-870
902 ## - CES. TIPO DE DOCUMENTO
Tipodoc (006$c Sirtex) ART Artículo de revista
942 ## - ELEMENTOS KOHA
Fuente de clasificaión o esquema Clasificación propia del CES
Koha [por defecto] tipo de item Artículos (1982-2017)
Parte de clasificación Relaciones Laborales y Rel. Lab.- Empleo

No hay ítems disponibles.

© CES, Consejo Económico y Social de España 2021